<?xml version="1.0" encoding="UTF-8"?>
<record
    xmlns:xsi="http://www.w3.org/2001/XMLSchema-instance"
    xsi:schemaLocation="http://www.loc.gov/MARC21/slim http://www.loc.gov/standards/marcxml/schema/MARC21slim.xsd"
    xmlns="http://www.loc.gov/MARC21/slim">

  <leader>01660nam a22002777a 4500</leader>
  <controlfield tag="003">OSt</controlfield>
  <controlfield tag="005">20230823141306.0</controlfield>
  <controlfield tag="008">221006b        |||||||| |||| 00| 0 eng d</controlfield>
  <datafield tag="040" ind1=" " ind2=" ">
    <subfield code="c">Biblioteca Lado V</subfield>
  </datafield>
  <datafield tag="082" ind1=" " ind2=" ">
    <subfield code="a">700</subfield>
    <subfield code="b">J88r</subfield>
  </datafield>
  <datafield tag="100" ind1=" " ind2=" ">
    <subfield code="9">961</subfield>
    <subfield code="a">Joya, Olga</subfield>
    <subfield code="e">directora</subfield>
  </datafield>
  <datafield tag="245" ind1=" " ind2=" ">
    <subfield code="a">Revista Arte &amp; Cultura/ </subfield>
    <subfield code="b">Centro de Arte y Cultura UNAH/</subfield>
  </datafield>
  <datafield tag="260" ind1=" " ind2=" ">
    <subfield code="c">2015</subfield>
    <subfield code="b">Universidad Nacional Aut&#xF3;noma de Honduras</subfield>
    <subfield code="a">Honduras</subfield>
  </datafield>
  <datafield tag="300" ind1=" " ind2=" ">
    <subfield code="c">21.5x30cm</subfield>
    <subfield code="a">147p.</subfield>
  </datafield>
  <datafield tag="490" ind1=" " ind2=" ">
    <subfield code="a">1</subfield>
    <subfield code="v">II</subfield>
  </datafield>
  <datafield tag="505" ind1=" " ind2=" ">
    <subfield code="t">ARTE, CULTURA Y SOCIEDAD</subfield>
    <subfield code="a">RUMBO 5

DE LA POSMODERNIDAD Y LAS ARTES VISUALES EN HONDURAS A TRAV&#xC9;S DE LAS BIENALES

TALLER DE LA MERCED: UNA MIRADA DESDE LA CONTRACULTURA ART&#xCD;STICA 

EL ESTADO ACTUAL DE LA EDUCACI&#xD3;N FORMAL EN ARTES PL&#xC1;STICAS EN HONDURAS, ESCUELA NACIONAL DE BELLAS ARTES

EDUCACI&#xD3;N ART&#xCD;STICA EN LAS ESCUELAS</subfield>
  </datafield>
  <datafield tag="505" ind1=" " ind2=" ">
    <subfield code="t">HISTORIA, IDENTIDAD Y MEMORIA</subfield>
    <subfield code="a">RA&#xDA;L AG&#xDC;ERO VEGA: RESCATANDO LA MEMORIA VISUAL DEL SIGLO XX

LOS NUEVOS PARADIGMAS DEL ARTE AUDIOVISUAL

MERCADOS Y CULTURA POPULAR

ESCUELA DE ARTES Y OFICIOS</subfield>
  </datafield>
  <datafield tag="505" ind1=" " ind2=" ">
    <subfield code="t">PATRIMONIO CULTURAL</subfield>
    <subfield code="a">EL MUNICIPIO REPUBLICANO EN HONDURAS, EL CASO DE COMAYAG&#xDC;ELA

COMAYAG&#xDC;ELA EN LOS TIEMPOS DE LA ORQUESTA VERDI</subfield>
  </datafield>
  <datafield tag="505" ind1=" " ind2=" ">
    <subfield code="t">Actualidad del Teatro Centroamericano</subfield>
  </datafield>
  <datafield tag="505" ind1=" " ind2=" ">
    <subfield code="t">La formaci&#xF3;n de artistas profesionales en la universidad de San Carlos de Guatemala</subfield>
  </datafield>
  <datafield tag="650" ind1=" " ind2=" ">
    <subfield code="2">Tesauro de Arte &amp; Arquitectura</subfield>
    <subfield code="a">ARTE</subfield>
  </datafield>
  <datafield tag="650" ind1=" " ind2=" ">
    <subfield code="2">Tesauro de Arte &amp; Arquitectura</subfield>
    <subfield code="a">CULTURA</subfield>
    <subfield code="9">702</subfield>
  </datafield>
  <datafield tag="650" ind1=" " ind2=" ">
    <subfield code="2">Tesauro de Arte &amp; Arquitectura</subfield>
    <subfield code="a">SOCIEDAD</subfield>
    <subfield code="9">703</subfield>
  </datafield>
  <datafield tag="650" ind1=" " ind2=" ">
    <subfield code="2">Tesauro de Arte &amp; Arquitectura</subfield>
    <subfield code="a">UNIVERSIDAD NACIONAL AUTONOMA DE HONDURAS</subfield>
  </datafield>
  <datafield tag="942" ind1=" " ind2=" ">
    <subfield code="2">ddc</subfield>
    <subfield code="c">1</subfield>
    <subfield code="h">700</subfield>
    <subfield code="i">J88r</subfield>
    <subfield code="n">0</subfield>
  </datafield>
  <datafield tag="999" ind1=" " ind2=" ">
    <subfield code="c">4196</subfield>
    <subfield code="d">4196</subfield>
  </datafield>
  <datafield tag="952" ind1=" " ind2=" ">
    <subfield code="0">0</subfield>
    <subfield code="1">0</subfield>
    <subfield code="2">ddc</subfield>
    <subfield code="3">II</subfield>
    <subfield code="4">0</subfield>
    <subfield code="7">0</subfield>
    <subfield code="8">Revistas</subfield>
    <subfield code="a">LV</subfield>
    <subfield code="b">LV</subfield>
    <subfield code="d">2023-08-23</subfield>
    <subfield code="h">1</subfield>
    <subfield code="i">005178</subfield>
    <subfield code="l">0</subfield>
    <subfield code="o">700 J88r</subfield>
    <subfield code="p">005178</subfield>
    <subfield code="r">2023-08-23 00:00:00</subfield>
    <subfield code="w">2023-08-23</subfield>
    <subfield code="y">1</subfield>
  </datafield>
</record>
